000 01125cam a22002175a 4500
005 20230404151015.0
008 230404s2023 xxkao f r 001 0 eng d
020 _a9781912747146
041 0 _aeng
050 _a690.241 $2 18
245 0 4 _aThe building conservation directory 2023
_ba guide to specialist suppliers, consultants and craftspeople in traditional building conservation, refurbishment and design
250 _a30th ed.
260 _aTisbury
_bCathedral Communications
_c2023
300 _a190p.
_bill.
_c30cm.
505 2 _aProfessional services -- Building contractors -- Structure and fabric -- Services and treatment -- Interiors -- Useful information: courses and training; course listings; events; publications; useful contacts -- Indices.
520 _aAnnual edition of a source providing specifiers of works to historic buildings, their contents and surroundings a starting point for appropriate products, services and expert service.
520 _aWebsite regularly updated www.buildingconservation.com
651 4 _aUnited Kingdom
690 _aConservation and restoration
942 _n0
_2ddc
999 _c121448
_d121448